| Tag |
First Indicator |
Second Indicator |
Subfields |
| LEADER |
00000cam a2200000 4500 |
| 001 |
in00000069087 |
| 005 |
20151008051359.0 |
| 008 |
740619s1914 nyu b 00000 eng u |
| 010 |
|
|
|a 14013209
|
| 035 |
|
|
|a (OCoLC)00923821
|
| 035 |
|
|
|9 AAG7515AM
|
| 040 |
|
|
|c OSU
|d TXA
|d UtOrBLW
|
| 049 |
|
|
|a TXAM
|c 1 [30047]
|
| 050 |
|
0 |
|a HV713
|b .M3
|
| 092 |
|
|
|a 362.7
|b M277p
|
| 100 |
1 |
|
|a Mangold, George Benjamin.
|
| 245 |
1 |
0 |
|a Problems of child welfare /
|c by George B. Mangold.
|
| 264 |
|
1 |
|a New York :
|b Macmillan,
|c 1914.
|
| 300 |
|
|
|a xv, 522 pages ;
|c 21 cm.
|
| 336 |
|
|
|a text
|b txt
|2 rdacontent
|
| 337 |
|
|
|a unmediated
|b n
|2 rdamedia
|
| 338 |
|
|
|a volume
|b nc
|2 rdacarrier
|
| 490 |
1 |
|
|a Social science text-books
|
| 504 |
|
|
|a Includes bibliographical references.
|
| 650 |
|
0 |
|a Child welfare.
|
| 830 |
|
0 |
|a Social Science text books.
|
| 999 |
|
|
|a MARS
|
| 999 |
f |
f |
|s 20ac1684-1396-3dd7-b219-c0516f10b6bd
|i ce05c491-28ba-3922-8006-e8b97fbb742a
|t 0
|
| 952 |
f |
f |
|p ric
|a Texas A&M University
|b Rellis Campus
|c Joint Library Facility
|d Remote Storage
|t 0
|e HV713 .M3
|h Library of Congress classification
|i unmediated -- volume
|m A14800810698
|
| 998 |
f |
f |
|a HV713 .M3
|t 0
|l Remote Storage
|